|
|
|
|
| LEADER |
00000nbm0a2200000 4500 |
| 001 |
136610 |
| 005 |
20231031140645.0 |
| 035 |
|
|
|a (RuTPU)RU\TPU\book\148058
|
| 090 |
|
|
|a 136610
|
| 100 |
|
|
|a 20080424d1970 k y0rusy50 ca
|
| 101 |
0 |
|
|a rus
|
| 102 |
|
|
|a RU
|
| 105 |
|
|
|a a m 001zy
|
| 200 |
1 |
|
|a Радиационное изменение плотности кристаллов фторида кальция
|e Диссертация на соискание ученой степени кандидата физико-математических наук
|f А. Т. Овчаров
|g Томский политехнический институт (ТПИ) ; науч. рук. Е. К. Завадовская, В. М. Лисицин
|
| 210 |
|
|
|a Томск
|d 1970
|
| 215 |
|
|
|a 138 л.
|c ил.
|
| 320 |
|
|
|a Библиогр.: с. 128-136 (181 назв.)
|
| 610 |
1 |
|
|a фторид кальция
|
| 610 |
1 |
|
|a кристаллы
|
| 610 |
1 |
|
|a плотность
|
| 610 |
1 |
|
|a радиационные изменения
|
| 610 |
1 |
|
|a радиационные дефекты
|
| 610 |
1 |
|
|a термическая устойчивость
|
| 610 |
1 |
|
|a исследование
|
| 610 |
1 |
|
|a излучение
|
| 610 |
1 |
|
|a виды
|
| 610 |
1 |
|
|a влияние
|
| 675 |
|
|
|a 539.29(04)
|v 3
|
| 700 |
|
1 |
|a Овчаров
|b А. Т.
|
| 702 |
|
1 |
|a Завадовская
|b Е. К.
|c российский физик
|c профессор кафедры физики твердого тела ТПИ
|f 1913-2004
|g Екатерина Константиновна
|2 stltpush
|3 (RuTPU)RU\TPU\pers\19787
|4 727
|
| 702 |
|
1 |
|a Лисицин
|b В. М.
|4 727
|
| 712 |
0 |
2 |
|a Томский политехнический институт (ТПИ)
|c (1944-1991)
|2 stltpush
|3 (RuTPU)RU\TPU\col\1123
|
| 801 |
|
1 |
|a RU
|b 63413507
|c 20080424
|g PSBO
|
| 942 |
|
|
|c BK
|